Online Catalogue and eLibrary

Changing subjects : (Record no. 3149)

MARC details
000 -LEADER
fixed length control field 00456nam a2200181Ia 4500
005 - DATE AND TIME OF LATEST TRANSACTION
control field 20241004044619.0
008 - FIXED-LENGTH DATA ELEMENTS--GENERAL INFORMATION
fixed length control field 240331s9999 xx 000 0 und d
020 ## - INTERNATIONAL STANDARD BOOK NUMBER
ISBN 0415086868
082 ## - DDC Classification
Item Number - Author Mark CHA
Class No. 820
100 ## - MAIN ENTRY--PERSONAL NAME
Personal name Greene, G
245 #0 - TITLE STATEMENT
Title Changing subjects :
Remainder of title the making of feminist literary criticism
260 ## - PUBLICATION, DISTRIBUTION, ETC.
Place of publication, distribution, etc. London
Name of publisher, distributor, etc. Routledge
Date of publication, distribution, etc. 1993
300 ## - PHYSICAL DESCRIPTION
Extent (e.g. Volumes, Pages etc.) ix, 283 p .,
650 ## - SUBJECT ADDED ENTRY--TOPICAL TERM
Topical term or geographic name entry element Feminist
650 ## - SUBJECT ADDED ENTRY--TOPICAL TERM
Topical term or geographic name entry element Criticism
650 ## - SUBJECT ADDED ENTRY--TOPICAL TERM
Topical term or geographic name entry element Political
942 ## - Koha item type (Biblio)
Koha item type Books in Stacks (Lending)
Holdings
Lost status Damaged status Collection code Home library Current library Shelving location Date acquired Full call number Accession Number Item type
    Lending WERC Library WERC Library Social Science Cupboard 03/31/2024 820 CHA 2043 Books in Stacks (Lending)

© WERC Library